[Event "blitzwomeanteam"]
[Site "?"]
[Date "2016.10.07"]
[Round "7.4"]
[White "Baraeva, Marina"]
[Black "Markelova, Lubov"]
[Result "1-0"]
[LiveChessVersion "1.4.4"]
[BlackElo "2199"]
[WhiteElo "2170"]

1. d4 {[%clk 0:03:03]} d5 {[%clk 0:03:03]} 2. Nf3 {[%clk 0:03:04]} Nf6
{[%clk 0:03:04]} 3. c4 {[%clk 0:03:06]} c6 {[%clk 0:03:05]} 4. Nc3
{[%clk 0:03:07]} e6 {[%clk 0:03:07]} 5. cxd5 {[%clk 0:03:07]} exd5
{[%clk 0:03:06]} 6. Bg5 {[%clk 0:03:08]} Be7 {[%clk 0:03:01]} 7. Qc2
{[%clk 0:03:08]} g6 {[%clk 0:02:54]} 8. e3 {[%clk 0:03:09]} Bf5 {[%clk 0:02:53]}
9. Bd3 {[%clk 0:03:11]} Bxd3 {[%clk 0:02:52]} 10. Qxd3 {[%clk 0:03:12]} O-O
{[%clk 0:02:47]} 11. O-O {[%clk 0:03:12]} Nbd7 {[%clk 0:02:48]} 12. Rab1
{[%clk 0:03:09]} a5 {[%clk 0:02:44]} 13. h3 Re8 {[%clk 0:02:42]} 14. Rfc1
{[%clk 0:02:59]} Ne4 {[%clk 0:02:33]} 15. Bxe7 {[%clk 0:02:59]} Qxe7
{[%clk 0:02:34]} 16. Na4 {[%clk 0:02:15]} f5 {[%clk 0:01:51]} 17. a3
{[%clk 0:02:16]} Qd6 {[%clk 0:01:34]} 18. Qc2 {[%clk 0:01:55]} f4
{[%clk 0:01:31]} 19. exf4 {[%clk 0:01:55]} Qxf4 {[%clk 0:01:32]} 20. Rf1
{[%clk 0:01:49]} Re7 {[%clk 0:01:12]} 21. Rbe1 {[%clk 0:01:34]} Rae8
{[%clk 0:01:12]} 22. Nc3 {[%clk 0:01:32]} Kg7 {[%clk 0:00:45]} 23. Re3
{[%clk 0:01:08]} Ndf6 {[%clk 0:00:28]} 24. Rfe1 {[%clk 0:00:57]} Qd6
{[%clk 0:00:18]} 25. Nd2 {[%clk 0:00:45]} Nxd2 {[%clk 0:00:14]} 26. Qxd2
{[%clk 0:00:42]} Rxe3 {[%clk 0:00:11]} 27. Rxe3 {[%clk 0:00:43]} Re7
{[%clk 0:00:07]} 28. Qe2 {[%clk 0:00:42]} Rxe3 {[%clk 0:00:07]} 29. Qxe3
{[%clk 0:00:44]} Kf7 {[%clk 0:00:05]} 30. Ne2 {[%clk 0:00:28]} Qe6
{[%clk 0:00:06]} 31. Qd2 {[%clk 0:00:23]} Qe4 {[%clk 0:00:07]} 32. Ng3
{[%clk 0:00:14]} Qe6 {[%clk 0:00:06]} 33. Kh2 {[%clk 0:00:11]} Ne4
{[%clk 0:00:06]} 34. Nxe4 {[%clk 0:00:05]} Qxe4 {[%clk 0:00:06]} 35. f3
{[%clk 0:00:05]} Qf5 {[%clk 0:00:06]} 36. Qe3 {[%clk 0:00:06]} Qe6
{[%clk 0:00:06]} 37. Qf4+ {[%clk 0:00:07]} Qf6 {[%clk 0:00:05]} 38. Qc7+
{[%clk 0:00:08]} Qe7 {[%clk 0:00:06]} 39. Qxa5 {[%clk 0:00:09]} Qe3
{[%clk 0:00:04]} 40. Qc7+ {[%clk 0:00:09]} Kf6 {[%clk 0:00:04]} 41. Qd6+
{[%clk 0:00:10]} Kf7 {[%clk 0:00:07]} 42. Qe5 {[%clk 0:00:09]} Qc1
{[%clk 0:00:06]} 43. Qc7+ Kf6 44. Qd6+ {[%clk 0:00:08]} Kf7 {[%clk 0:00:09]} 45.
Qd7+ {[%clk 0:00:08]} Kf6 {[%clk 0:00:10]} 46. Qd6+ {[%clk 0:00:08]} Kf7
{[%clk 0:00:12]} 47. Qb4 {[%clk 0:00:08]} Qf4+ {[%clk 0:00:12]} 48. Kg1
{[%clk 0:00:10]} Qc1+ {[%clk 0:00:13]} 49. Kf2 {[%clk 0:00:10]} Qc2+
{[%clk 0:00:13]} 50. Kg3 {[%clk 0:00:11]} Qf5 {[%clk 0:00:12]} 51. Qxb7+
{[%clk 0:00:12]} Kf6 {[%clk 0:00:12]} 52. Qxc6+ {[%clk 0:00:13]} Kg7
{[%clk 0:00:13]} 53. Qc7+ {[%clk 0:00:14]} Kg8 {[%clk 0:00:13]} 54. Qb8+
{[%clk 0:00:14]} Kg7 {[%clk 0:00:14]} 55. Qe5+ {[%clk 0:00:15]} Qxe5+
{[%clk 0:00:13]} 56. dxe5 {[%clk 0:00:17]} Kf7 57. Kf4 Ke6 {[%clk 0:00:14]} 58.
b4 {[%clk 0:00:19]} g5+ {[%clk 0:00:15]} 59. Ke3 {[%clk 0:00:20]} Kxe5
{[%clk 0:00:15]} 60. b5 {[%clk 0:00:21]} Kd6 {[%clk 0:00:15]} 61. a4
{[%clk 0:00:22]} Kc5 {[%clk 0:00:16]} 62. g3 {[%clk 0:00:21]} h5 {[%clk 0:00:14]}
63. Kd3 {[%clk 0:00:20]} d4 {[%clk 0:00:11]} 64. f4 {[%clk 0:00:20]} g4
{[%clk 0:00:09]} 65. hxg4 {[%clk 0:00:21]} hxg4 66. f5 Kd5 67. Ke4+ 1-0

[Event "blitzwomeanteam"]
[Site "?"]
[Date "2016.10.07"]
[Round "7.5"]
[White "Pogonina, Natalija"]
[Black "Bodnaruk, Anastasia"]
[Result "0-1"]
[LiveChessVersion "1.4.4"]
[BlackElo "2386"]
[WhiteElo "2402"]

1. d4 {[%clk 0:03:03]} d6 {[%clk 0:03:02]} 2. e4 {[%clk 0:03:02]} g6
{[%clk 0:03:04]} 3. c4 {[%clk 0:03:03]} Bg7 {[%clk 0:03:05]} 4. Nc3
{[%clk 0:03:03]} c5 {[%clk 0:03:06]} 5. d5 {[%clk 0:03:03]} Nf6 {[%clk 0:02:59]}
6. h3 {[%clk 0:03:03]} O-O {[%clk 0:02:59]} 7. Nf3 {[%clk 0:03:03]} e6
{[%clk 0:02:50]} 8. Bd3 {[%clk 0:03:02]} exd5 {[%clk 0:02:50]} 9. exd5
{[%clk 0:03:02]} Re8+ {[%clk 0:02:50]} 10. Be3 {[%clk 0:03:02]} Bh6
{[%clk 0:02:26]} 11. O-O {[%clk 0:03:02]} Bxe3 {[%clk 0:02:16]} 12. fxe3
{[%clk 0:03:02]} Nbd7 {[%clk 0:01:33]} 13. e4 {[%clk 0:03:02]} Nh5
{[%clk 0:01:27]} 14. Qd2 {[%clk 0:02:50]} Kg7 {[%clk 0:01:26]} 15. Rf2
{[%clk 0:02:34]} Ne5 {[%clk 0:01:15]} 16. Nxe5 {[%clk 0:02:32]} dxe5
{[%clk 0:01:16]} 17. Ne2 {[%clk 0:02:16]} f5 {[%clk 0:01:10]} 18. exf5
{[%clk 0:01:19]} e4 {[%clk 0:01:12]} 19. fxg6 {[%clk 0:01:10]} exd3
{[%clk 0:00:38]} 20. Rf7+ {[%clk 0:00:54]} Kxg6 {[%clk 0:00:39]} 21. Raf1
{[%clk 0:00:54]} Qh4 {[%clk 0:00:25]} 22. Qxd3+ {[%clk 0:00:29]} Qe4
{[%clk 0:00:26]} 23. Qc3 {[%clk 0:00:26]} Qe3+ 24. Qxe3 {[%clk 0:00:17]} Rxe3
{[%clk 0:00:18]} 25. Nc3 {[%clk 0:00:14]} a5 {[%clk 0:00:09]} 26. Rc7
{[%clk 0:00:12]} Ng3 {[%clk 0:00:06]} 27. Rff7 {[%clk 0:00:06]} Nf5
{[%clk 0:00:07]} 28. g4 {[%clk 0:00:04]} Nh4 {[%clk 0:00:05]} 29. Rg7+
{[%clk 0:00:05]} Kh6 {[%clk 0:00:06]} 30. Rxh7+ {[%clk 0:00:05]} Kg5
{[%clk 0:00:08]} 31. Rcg7+ {[%clk 0:00:06]} Kf6 {[%clk 0:00:09]} 32. Rf7+
{[%clk 0:00:06]} Kg6 {[%clk 0:00:11]} 33. Rhg7+ {[%clk 0:00:07]} Kh6
{[%clk 0:00:12]} 34. g5+ Kh5 35. Rh7+ {[%clk 0:00:06]} Kxg5 {[%clk 0:00:14]} 36.
Rfg7+ {[%clk 0:00:06]} Ng6 {[%clk 0:00:15]} 37. h4+ {[%clk 0:00:07]} Kf5
{[%clk 0:00:14]} 38. h5 {[%clk 0:00:07]} Nf4 {[%clk 0:00:15]} 39. Rf7+
{[%clk 0:00:07]} Kg4 {[%clk 0:00:16]} 40. Rhg7+ {[%clk 0:00:07]} Kxh5
{[%clk 0:00:15]} 41. Rxf4 {[%clk 0:00:07]} Bh3 {[%clk 0:00:13]} 42. Rh7+
{[%clk 0:00:07]} Kg6 {[%clk 0:00:15]} 43. Rhf7 {[%clk 0:00:06]} Rd3
{[%clk 0:00:13]} 44. R4f6+ {[%clk 0:00:06]} Kh5 {[%clk 0:00:15]} 45. Ne4
{[%clk 0:00:06]} Rg8+ {[%clk 0:00:15]} 46. Kf2 {[%clk 0:00:07]} Rg2+
{[%clk 0:00:14]} 47. Ke1 {[%clk 0:00:08]} Re3+ {[%clk 0:00:15]} 48. Kd1
{[%clk 0:00:07]} Rxe4 {[%clk 0:00:16]} 49. Rh7+ {[%clk 0:00:05]} Kg4
{[%clk 0:00:17]} 50. Rg6+ {[%clk 0:00:06]} Kf5 {[%clk 0:00:18]} 51. Rxg2
{[%clk 0:00:05]} Bxg2 {[%clk 0:00:20]} 52. Rxb7 {[%clk 0:00:06]} Rxc4
{[%clk 0:00:21]} 53. d6 {[%clk 0:00:06]} Bxb7 {[%clk 0:00:21]} 0-1

[Event "blitzwomeanteam"]
[Site "?"]
[Date "2016.10.07"]
[Round "7.7"]
[White "Travkina, Anastasia"]
[Black "Nechaeva, Marina"]
[Result "1/2-1/2"]
[LiveChessVersion "1.4.4"]
[BlackElo "2351"]
[WhiteElo "2168"]

1. d4 {[%clk 0:03:03]} d5 {[%clk 0:03:04]} 2. c4 c6 3. Nc3 {[%clk 0:03:05]} Nf6
{[%clk 0:03:06]} 4. e3 {[%clk 0:03:07]} Bf5 {[%clk 0:03:07]} 5. Nf3
{[%clk 0:03:08]} e6 {[%clk 0:03:09]} 6. Nh4 {[%clk 0:03:09]} Be4 {[%clk 0:03:11]}
7. f3 Bg6 8. Qb3 Qc7 9. Bd2 {[%clk 0:03:07]} Be7 {[%clk 0:03:15]} 10. Nxg6
{[%clk 0:03:07]} hxg6 {[%clk 0:03:16]} 11. g3 {[%clk 0:03:07]} a6
{[%clk 0:03:17]} 12. Rc1 {[%clk 0:02:54]} dxc4 {[%clk 0:02:55]} 13. Bxc4
{[%clk 0:02:54]} b5 {[%clk 0:02:39]} 14. Be2 {[%clk 0:02:49]} Nbd7
{[%clk 0:02:38]} 15. a4 {[%clk 0:02:12]} Qb6 {[%clk 0:02:05]} 16. axb5
{[%clk 0:01:27]} axb5 {[%clk 0:01:59]} 17. O-O {[%clk 0:01:26]} O-O
{[%clk 0:01:27]} 18. Kg2 {[%clk 0:01:23]} Ra7 {[%clk 0:01:23]} 19. Rfd1
{[%clk 0:01:10]} Rfa8 {[%clk 0:01:24]} 20. Be1 {[%clk 0:01:08]} b4
{[%clk 0:01:14]} 21. Nb1 {[%clk 0:01:07]} c5 {[%clk 0:00:46]} 22. Nd2
{[%clk 0:01:03]} cxd4 {[%clk 0:00:42]} 23. Nc4 {[%clk 0:01:04]} Qb7
{[%clk 0:00:33]} 24. Rxd4 {[%clk 0:01:00]} Nc5 {[%clk 0:00:32]} 25. Qd1
{[%clk 0:00:57]} Nd5 {[%clk 0:00:18]} 26. e4 {[%clk 0:00:45]} Nf6
{[%clk 0:00:18]} 27. Bf2 {[%clk 0:00:44]} Ra6 {[%clk 0:00:09]} 28. Nd6
{[%clk 0:00:44]} Bxd6 {[%clk 0:00:09]} 29. Rxd6 {[%clk 0:00:45]} Rxd6
{[%clk 0:00:05]} 30. Qxd6 {[%clk 0:00:46]} Nb3 {[%clk 0:00:05]} 31. Rc7
{[%clk 0:00:43]} Qb8 {[%clk 0:00:05]} 32. Qe7 {[%clk 0:00:41]} Qf8
{[%clk 0:00:04]} 33. Qxf8+ {[%clk 0:00:35]} Kxf8 {[%clk 0:00:05]} 34. Bc4
{[%clk 0:00:29]} Nd2 {[%clk 0:00:05]} 35. Bc5+ {[%clk 0:00:27]} Kg8
{[%clk 0:00:06]} 36. Bxb4 {[%clk 0:00:21]} Nxc4 {[%clk 0:00:06]} 37. Rxc4
{[%clk 0:00:22]} Rb8 {[%clk 0:00:08]} 38. Bc3 {[%clk 0:00:22]} Nd7
{[%clk 0:00:09]} 39. f4 {[%clk 0:00:22]} Kf8 {[%clk 0:00:04]} 40. Rc7
{[%clk 0:00:19]} Ke7 {[%clk 0:00:06]} 41. Bxg7 {[%clk 0:00:18]} f6
{[%clk 0:00:04]} 42. Bxf6+ {[%clk 0:00:19]} Kxf6 {[%clk 0:00:05]} 43. Rxd7
{[%clk 0:00:19]} Rxb2+ {[%clk 0:00:06]} 44. Kh3 {[%clk 0:00:21]} g5
{[%clk 0:00:03]} 45. Rh7 {[%clk 0:00:17]} gxf4 {[%clk 0:00:04]} 46. gxf4
{[%clk 0:00:18]} Re2 {[%clk 0:00:04]} 47. e5+ {[%clk 0:00:17]} Kf5
{[%clk 0:00:06]} 48. Rf7+ {[%clk 0:00:18]} Ke4 {[%clk 0:00:07]} 49. Rf6
{[%clk 0:00:18]} Rf2 {[%clk 0:00:03]} 50. Kg3 {[%clk 0:00:19]} Rf1
{[%clk 0:00:03]} 51. Rxe6 {[%clk 0:00:19]} Rf3+ {[%clk 0:00:05]} 52. Kg2
{[%clk 0:00:19]} Rxf4 {[%clk 0:00:06]} 53. Re8 {[%clk 0:00:20]} Rg4+
{[%clk 0:00:07]} 54. Kh3 {[%clk 0:00:20]} Rg7 {[%clk 0:00:08]} 55. Kh4
{[%clk 0:00:20]} Kf4 {[%clk 0:00:09]} 56. Kh3 {[%clk 0:00:19]} Kf3
{[%clk 0:00:10]} 57. Kh4 {[%clk 0:00:21]} Kf4 {[%clk 0:00:11]} 58. Kh5
{[%clk 0:00:21]} Rh7+ {[%clk 0:00:13]} 59. Kg6 {[%clk 0:00:23]} Rxh2
{[%clk 0:00:10]} 60. e6 {[%clk 0:00:22]} Ke5 {[%clk 0:00:11]} 61. Kg7
{[%clk 0:00:16]} Rf2 {[%clk 0:00:11]} 62. e7 {[%clk 0:00:13]} Rg2+
{[%clk 0:00:12]} 63. Kf7 {[%clk 0:00:14]} Rf2+ {[%clk 0:00:14]} 64. Kg6
{[%clk 0:00:15]} Rg2+ {[%clk 0:00:15]} 65. Kh5 {[%clk 0:00:15]} Rh2+
{[%clk 0:00:15]} 66. Kg4 {[%clk 0:00:17]} Rg2+ {[%clk 0:00:15]} 67. Kf3
{[%clk 0:00:16]} Rg7 {[%clk 0:00:17]} 68. Ra8 {[%clk 0:00:17]} Rxe7
{[%clk 0:00:18]} 69. Ke4+ 1/2-1/2

[Event "blitzwomeanteam"]
[Site "?"]
[Date "2016.10.07"]
[Round "7.8"]
[White "Kovanova, Baira"]
[Black "Maltsevskaya, Aleksandra"]
[Result "1/2-1/2"]
[LiveChessVersion "1.4.4"]
[BlackElo "2046"]
[WhiteElo "2282"]

1. e4 {[%clk 0:03:03]} e5 {[%clk 0:03:04]} 2. Nf3 {[%clk 0:03:03]} Nc6
{[%clk 0:03:05]} 3. Bb5 {[%clk 0:03:04]} a6 {[%clk 0:03:07]} 4. Ba4
{[%clk 0:03:05]} Nf6 {[%clk 0:03:08]} 5. O-O {[%clk 0:03:06]} Be7
{[%clk 0:03:09]} 6. Re1 {[%clk 0:03:07]} b5 {[%clk 0:03:10]} 7. Bb3 d6 8. c3
{[%clk 0:03:08]} O-O {[%clk 0:03:12]} 9. h3 {[%clk 0:03:10]} Na5 {[%clk 0:03:03]}
10. Bc2 {[%clk 0:03:10]} c5 {[%clk 0:03:04]} 11. d4 {[%clk 0:03:11]} Nd7
{[%clk 0:03:05]} 12. Nbd2 {[%clk 0:02:57]} exd4 {[%clk 0:03:06]} 13. cxd4
{[%clk 0:02:58]} Nc6 {[%clk 0:03:07]} 14. d5 {[%clk 0:02:59]} Nce5
{[%clk 0:03:08]} 15. Nxe5 {[%clk 0:03:00]} Nxe5 {[%clk 0:03:09]} 16. f4
{[%clk 0:03:01]} Ng6 {[%clk 0:03:08]} 17. Nf3 {[%clk 0:03:02]} Bh4
{[%clk 0:03:00]} 18. Rf1 {[%clk 0:03:03]} Bg3 {[%clk 0:02:39]} 19. f5
{[%clk 0:01:38]} Ne5 {[%clk 0:02:40]} 20. Ng5 {[%clk 0:01:08]} h6
{[%clk 0:01:58]} 21. Nf3 {[%clk 0:01:05]} Qf6 {[%clk 0:01:58]} 22. Nxe5
{[%clk 0:00:58]} Bxe5 {[%clk 0:01:54]} 23. Rb1 {[%clk 0:00:57]} a5
{[%clk 0:01:49]} 24. Qf3 {[%clk 0:00:46]} Ba6 {[%clk 0:01:36]} 25. Kh1
{[%clk 0:00:46]} b4 {[%clk 0:01:36]} 26. Rg1 {[%clk 0:00:46]} Bd4
{[%clk 0:01:35]} 27. Be3 {[%clk 0:00:41]} Rfe8 {[%clk 0:00:49]} 28. Ba4
{[%clk 0:00:33]} Re7 {[%clk 0:00:46]} 29. Bc2 {[%clk 0:00:34]} Bxe3
{[%clk 0:00:40]} 30. Qxe3 {[%clk 0:00:35]} Qxf5 {[%clk 0:00:40]} 31. Qxc5
{[%clk 0:00:13]} dxc5 {[%clk 0:00:23]} 32. exf5 {[%clk 0:00:14]} Rd8
{[%clk 0:00:22]} 33. Rbd1 {[%clk 0:00:15]} Rd6 {[%clk 0:00:15]} 34. Rge1
{[%clk 0:00:10]} Rxe1+ {[%clk 0:00:05]} 35. Rxe1 Rxd5 36. Re8+ {[%clk 0:00:12]}
Kh7 {[%clk 0:00:06]} 37. f6+ {[%clk 0:00:14]} g6 {[%clk 0:00:07]} 38. Re7
{[%clk 0:00:13]} Kg8 {[%clk 0:00:07]} 39. Re8+ {[%clk 0:00:14]} Kh7
{[%clk 0:00:09]} 40. Re7 Kg8 41. Re8+ {[%clk 0:00:16]} Kh7 {[%clk 0:00:12]} 42.
Re7 {[%clk 0:00:17]} Kg8 {[%clk 0:00:13]} 43. Re8+ {[%clk 0:00:18]} Kh7
{[%clk 0:00:15]} 44. Re7 {[%clk 0:00:19]} Kg8 {[%clk 0:00:16]} 1/2-1/2

[Event "blitzwomeanteam"]
[Site "?"]
[Date "2016.10.07"]
[Round "7.9"]
[White "Kovalevskaya, Ekaterina"]
[Black "Ruchieva, Natalia"]
[Result "1/2-1/2"]
[LiveChessVersion "1.4.4"]
[BlackElo "2194"]
[WhiteElo "2282"]

1. Nf3 {[%clk 0:03:02]} d5 {[%clk 0:03:03]} 2. g3 {[%clk 0:03:00]} Nf6
{[%clk 0:03:02]} 3. Bg2 {[%clk 0:03:01]} c6 {[%clk 0:03:02]} 4. O-O
{[%clk 0:03:00]} Bf5 {[%clk 0:03:02]} 5. d3 {[%clk 0:02:58]} e6 {[%clk 0:02:55]}
6. b3 {[%clk 0:02:53]} Be7 {[%clk 0:02:44]} 7. Bb2 {[%clk 0:02:54]} h6
{[%clk 0:02:30]} 8. Nbd2 {[%clk 0:02:54]} O-O {[%clk 0:02:20]} 9. Re1
{[%clk 0:02:55]} Bh7 {[%clk 0:02:17]} 10. e4 {[%clk 0:02:56]} a5 {[%clk 0:02:03]}
11. a4 {[%clk 0:02:53]} Na6 {[%clk 0:02:03]} 12. Ne5 {[%clk 0:02:16]} Nb4
{[%clk 0:01:51]} 13. f4 {[%clk 0:01:57]} dxe4 {[%clk 0:01:33]} 14. Nxe4
{[%clk 0:01:23]} Nxe4 {[%clk 0:01:26]} 15. Bxe4 {[%clk 0:01:21]} Bxe4
{[%clk 0:01:22]} 16. Rxe4 {[%clk 0:01:21]} Bf6 {[%clk 0:01:21]} 17. Qe2
{[%clk 0:01:15]} Qb6+ {[%clk 0:01:13]} 18. Kg2 {[%clk 0:01:12]} Rad8
{[%clk 0:01:11]} 19. Rc1 {[%clk 0:01:05]} Qc7 {[%clk 0:01:09]} 20. Re1
{[%clk 0:01:00]} Nd5 {[%clk 0:01:09]} 21. Qf2 {[%clk 0:00:56]} Nb4
{[%clk 0:01:05]} 22. Ba1 {[%clk 0:00:50]} Rd5 {[%clk 0:01:05]} 23. Qe2
{[%clk 0:00:36]} Qe7 {[%clk 0:00:59]} 24. Qf2 {[%clk 0:00:37]} Qc7
{[%clk 0:00:59]} 25. Qe2 {[%clk 0:00:38]} Qe7 {[%clk 0:01:00]} 26. Qf2
{[%clk 0:00:39]} Qd8 1/2-1/2

[Event "blitzwomeanteam"]
[Site "?"]
[Date "2016.10.07"]
[Round "7.10"]
[White "Vasilevich, Tatjana"]
[Black "Pustovoitova, Daria"]
[Result "1-0"]
[LiveChessVersion "1.4.4"]
[BlackElo "2405"]
[WhiteElo "2345"]

1. d4 {[%clk 0:03:03]} d5 {[%clk 0:03:01]} 2. c4 {[%clk 0:03:04]} c6
{[%clk 0:03:02]} 3. Nf3 {[%clk 0:03:06]} Nf6 {[%clk 0:03:02]} 4. e3
{[%clk 0:03:04]} Bf5 {[%clk 0:02:57]} 5. Nc3 {[%clk 0:03:05]} e6 {[%clk 0:02:56]}
6. Nh4 {[%clk 0:03:06]} Bg6 {[%clk 0:02:56]} 7. Nxg6 {[%clk 0:03:03]} hxg6
{[%clk 0:02:57]} 8. Be2 {[%clk 0:02:52]} Bb4 {[%clk 0:02:53]} 9. Qb3
{[%clk 0:02:50]} a5 {[%clk 0:02:53]} 10. a3 {[%clk 0:02:50]} Bxc3+
{[%clk 0:02:53]} 11. bxc3 {[%clk 0:02:47]} Qc7 {[%clk 0:02:47]} 12. h3
{[%clk 0:02:43]} dxc4 {[%clk 0:02:45]} 13. Bxc4 {[%clk 0:02:41]} b5
{[%clk 0:02:40]} 14. Be2 {[%clk 0:02:41]} a4 {[%clk 0:02:40]} 15. Qc2
{[%clk 0:02:31]} Nbd7 {[%clk 0:02:41]} 16. c4 {[%clk 0:02:24]} bxc4
{[%clk 0:02:37]} 17. Qxc4 {[%clk 0:02:19]} O-O {[%clk 0:02:27]} 18. O-O
{[%clk 0:02:16]} Ne4 {[%clk 0:02:27]} 19. Bf3 {[%clk 0:02:07]} Ndf6
{[%clk 0:02:22]} 20. Qc2 {[%clk 0:02:02]} Nd6 {[%clk 0:02:22]} 21. Bd2
{[%clk 0:01:56]} Rfc8 {[%clk 0:02:17]} 22. Rfc1 {[%clk 0:01:55]} Nd5
{[%clk 0:02:11]} 23. Rab1 {[%clk 0:01:51]} Ra6 {[%clk 0:01:53]} 24. Qc5
{[%clk 0:01:31]} f5 {[%clk 0:01:33]} 25. Be1 {[%clk 0:01:23]} Nf6
{[%clk 0:01:25]} 26. Bb4 {[%clk 0:01:15]} Nde4 {[%clk 0:00:36]} 27. Qc4
{[%clk 0:01:15]} Rb6 {[%clk 0:00:29]} 28. Qxe6+ {[%clk 0:01:13]} Kh7
{[%clk 0:00:31]} 29. Qc4 {[%clk 0:01:01]} Nd5 {[%clk 0:00:25]} 30. Ba5
{[%clk 0:00:58]} Rxb1 {[%clk 0:00:17]} 31. Bxc7 {[%clk 0:00:59]} Nd2
{[%clk 0:00:16]} 32. Qc2 {[%clk 0:00:58]} Rxc1+ {[%clk 0:00:15]} 33. Qxc1
{[%clk 0:00:59]} Nxf3+ {[%clk 0:00:16]} 34. gxf3 {[%clk 0:01:00]} Rxc7
{[%clk 0:00:16]} 35. Qc4 {[%clk 0:00:59]} f4 {[%clk 0:00:12]} 36. e4
{[%clk 0:01:00]} Nf6 {[%clk 0:00:10]} 37. Qxa4 {[%clk 0:01:00]} c5
{[%clk 0:00:11]} 38. d5 {[%clk 0:01:00]} c4 {[%clk 0:00:12]} 39. d6
{[%clk 0:01:01]} Rb7 {[%clk 0:00:08]} 40. Qxc4 {[%clk 0:00:59]} Nd7
{[%clk 0:00:08]} 41. Qd5 {[%clk 0:01:00]} Rb1+ {[%clk 0:00:06]} 42. Kg2
{[%clk 0:01:01]} Rb2 {[%clk 0:00:06]} 43. e5 {[%clk 0:01:00]} 1-0

[Event "blitzwomeanteam"]
[Site "?"]
[Date "2016.10.07"]
[Round "7.11"]
[White "Gritsayeva, Oksana"]
[Black "Vasilevich, Irina"]
[Result "1-0"]
[LiveChessVersion "1.4.4"]
[BlackElo "2165"]
[WhiteElo "2284"]

1. b3 {[%clk 0:03:02]} b6 {[%clk 0:03:01]} 2. Bb2 {[%clk 0:03:03]} Bb7
{[%clk 0:03:03]} 3. d3 {[%clk 0:02:59]} Nf6 {[%clk 0:03:02]} 4. e4
{[%clk 0:02:58]} e6 {[%clk 0:02:45]} 5. Nd2 {[%clk 0:02:58]} d5 {[%clk 0:02:43]}
6. e5 {[%clk 0:02:56]} Nfd7 {[%clk 0:02:44]} 7. f4 {[%clk 0:02:56]} Be7
{[%clk 0:02:42]} 8. Ngf3 {[%clk 0:02:56]} c5 {[%clk 0:02:40]} 9. Be2
{[%clk 0:02:54]} Nc6 {[%clk 0:02:42]} 10. a4 {[%clk 0:02:54]} a6 {[%clk 0:02:41]}
11. O-O {[%clk 0:02:52]} O-O {[%clk 0:02:40]} 12. c4 {[%clk 0:02:40]} Nb4
{[%clk 0:02:27]} 13. Ba3 {[%clk 0:02:27]} f6 {[%clk 0:02:18]} 14. Bxb4
{[%clk 0:02:13]} cxb4 {[%clk 0:02:18]} 15. d4 {[%clk 0:02:14]} fxe5
{[%clk 0:02:09]} 16. fxe5 {[%clk 0:02:14]} dxc4 {[%clk 0:01:54]} 17. bxc4
{[%clk 0:02:15]} Qe8 {[%clk 0:01:39]} 18. Bd3 {[%clk 0:02:05]} Rc8
{[%clk 0:01:33]} 19. Qc2 {[%clk 0:01:43]} Qh5 {[%clk 0:01:33]} 20. Be4
{[%clk 0:01:41]} Bxe4 {[%clk 0:01:28]} 21. Qxe4 {[%clk 0:01:42]} Rb8
{[%clk 0:00:58]} 22. Qc6 {[%clk 0:01:39]} Qe8 {[%clk 0:00:51]} 23. Qxe6+
{[%clk 0:01:38]} Kh8 {[%clk 0:00:52]} 24. Ne4 {[%clk 0:01:20]} a5
{[%clk 0:00:46]} 25. Qh3 {[%clk 0:00:49]} h6 {[%clk 0:00:32]} 26. d5
{[%clk 0:00:44]} Nc5 {[%clk 0:00:29]} 27. Rae1 {[%clk 0:00:33]} Qg6
{[%clk 0:00:26]} 28. Nxc5 {[%clk 0:00:31]} Bxc5+ {[%clk 0:00:28]} 29. Kh1
{[%clk 0:00:32]} Qd3 {[%clk 0:00:23]} 30. Qg4 {[%clk 0:00:31]} b3
{[%clk 0:00:21]} 31. Rd1 {[%clk 0:00:27]} Qc2 {[%clk 0:00:17]} 32. Rc1
{[%clk 0:00:27]} Qd3 {[%clk 0:00:17]} 33. Rfd1 {[%clk 0:00:25]} Qe3
{[%clk 0:00:18]} 34. Rb1 {[%clk 0:00:24]} Rbe8 {[%clk 0:00:16]} 35. e6
{[%clk 0:00:24]} Rf4 {[%clk 0:00:15]} 36. Qg6 {[%clk 0:00:25]} Ref8
{[%clk 0:00:16]} 37. Re1 {[%clk 0:00:23]} Qc3 {[%clk 0:00:16]} 38. Rbc1
{[%clk 0:00:22]} Qb2 {[%clk 0:00:14]} 39. Rb1 {[%clk 0:00:20]} Qc3
{[%clk 0:00:15]} 40. e7 {[%clk 0:00:18]} Bxe7 {[%clk 0:00:16]} 41. Rxe7
{[%clk 8:00:19]} Rxf3 {[%clk 0:00:16]} 42. gxf3 {[%clk 0:00:17]} Qxf3+
{[%clk 0:00:17]} 43. Qg2 {[%clk 0:00:18]} Qf6 {[%clk 0:00:17]} 44. Re6
{[%clk 0:00:15]} Qd4 {[%clk 0:00:16]} 45. Re4 {[%clk 0:00:13]} Qd3
{[%clk 0:00:16]} 46. Rg1 {[%clk 0:00:13]} Qc3 {[%clk 0:00:16]} 47. Re7
{[%clk 0:00:09]} b2 {[%clk 0:00:12]} 48. Re2 {[%clk 0:00:05]} Rf5 1-0

[Event "blitzwomeanteam"]
[Site "?"]
[Date "2016.10.07"]
[Round "7.12"]
[White "Severina, Maria"]
[Black "Potapova, Margarita"]
[Result "0-1"]
[LiveChessVersion "1.4.4"]
[BlackElo "1965"]
[WhiteElo "2266"]

1. d4 {[%clk 0:03:02]} Nf6 {[%clk 0:03:04]} 2. c4 {[%clk 0:03:01]} e6
{[%clk 0:03:05]} 3. g3 {[%clk 0:03:02]} Bb4+ {[%clk 0:03:04]} 4. Bd2
{[%clk 0:03:03]} a5 {[%clk 0:03:05]} 5. Bg2 {[%clk 0:03:00]} O-O {[%clk 0:03:06]}
6. e4 {[%clk 0:02:48]} d5 {[%clk 0:03:03]} 7. cxd5 {[%clk 0:02:36]} exd5
{[%clk 0:02:58]} 8. e5 {[%clk 0:02:37]} Ne4 {[%clk 0:02:50]} 9. Bxb4
{[%clk 0:02:34]} axb4 {[%clk 0:02:50]} 10. Nd2 {[%clk 0:02:31]} c5
{[%clk 0:02:33]} 11. Nxe4 {[%clk 0:02:25]} dxe4 {[%clk 0:02:33]} 12. dxc5
{[%clk 0:02:23]} Qa5 {[%clk 0:02:24]} 13. Bxe4 {[%clk 0:01:55]} b3+
{[%clk 0:02:06]} 14. Qd2 {[%clk 0:01:49]} Qxc5 {[%clk 0:02:03]} 15. Nf3
{[%clk 0:01:38]} Bh3 {[%clk 0:01:13]} 16. Bxh7+ {[%clk 0:01:05]} Kxh7
{[%clk 0:01:14]} 17. Ng5+ {[%clk 0:01:05]} Kg8 {[%clk 0:01:13]} 18. Nxh3
{[%clk 0:00:58]} Qxe5+ {[%clk 0:01:14]} 19. Qe2 {[%clk 0:00:51]} Qa5+
{[%clk 0:01:02]} 20. Kf1 {[%clk 0:00:51]} Nc6 {[%clk 0:00:48]} 21. Kg2
{[%clk 0:00:48]} bxa2 {[%clk 0:00:48]} 22. Nf4 {[%clk 0:00:44]} Nd4
{[%clk 0:00:46]} 23. Qe4 {[%clk 0:00:42]} Nb3 {[%clk 0:00:43]} 24. h4
{[%clk 0:00:16]} Nxa1 {[%clk 0:00:43]} 25. Rxa1 {[%clk 0:00:15]} Qa4
{[%clk 0:00:41]} 26. Qf3 {[%clk 0:00:14]} Qc6 {[%clk 0:00:42]} 27. Nd5
{[%clk 0:00:14]} Rfe8 {[%clk 0:00:33]} 28. Nc3 {[%clk 0:00:05]} Qxf3+
{[%clk 0:00:27]} 29. Kxf3 {[%clk 0:00:06]} b5 {[%clk 0:00:13]} 30. Rxa2
{[%clk 0:00:04]} b4 {[%clk 0:00:13]} 31. Rxa8 {[%clk 0:00:04]} Rxa8
{[%clk 0:00:14]} 32. Nd5 {[%clk 0:00:06]} b3 {[%clk 0:00:14]} 33. Ne3
{[%clk 0:00:06]} f6 {[%clk 0:00:13]} 34. Ke4 {[%clk 0:00:06]} Kf7
{[%clk 0:00:14]} 35. Kd4 {[%clk 0:00:07]} Rd8+ {[%clk 0:00:15]} 36. Kc3
{[%clk 0:00:08]} Ke6 {[%clk 0:00:16]} 37. Nc4 {[%clk 0:00:08]} Rd1
{[%clk 0:00:12]} 38. Kxb3 {[%clk 0:00:08]} Rf1 {[%clk 0:00:13]} 39. f4
{[%clk 0:00:06]} Rf3+ {[%clk 0:00:14]} 40. Kb4 {[%clk 0:00:08]} Rxg3
{[%clk 0:00:15]} 41. Kc5 {[%clk 0:00:08]} Rb3 {[%clk 0:00:14]} 42. h5
{[%clk 0:00:09]} Kf5 {[%clk 0:00:12]} 43. Nd6+ {[%clk 0:00:06]} Kxf4
{[%clk 0:00:12]} 44. Ne8 {[%clk 0:00:07]} Rxb2 {[%clk 0:00:10]} 45. Nxg7
{[%clk 0:00:08]} Kg5 {[%clk 0:00:10]} 46. Kd5 {[%clk 0:00:09]} Re2
{[%clk 0:00:11]} 47. Kd4 {[%clk 0:00:07]} Re5 {[%clk 0:00:07]} 48. Kd3
{[%clk 0:00:06]} Kh6 {[%clk 0:00:08]} 0-1